El Desarrollo local en América Latina /

Saved in:
Bibliographic Details
Main Author: Martínez Piva, José Mario
Format: Text
Subjects:
Tags: Add Tag
No Tags, Be the first to tag this record!

MARC

LEADER 00000 a a2200000 04500
001 3518
003
040
100 |a Martínez Piva, José Mario  
245 |a El Desarrollo local en América Latina /  |c José Mario Martínez Piva 
650 |a DESARROLLO REGIONAL  
650 |a EMPRESAS  
650 |a VENTAJA COMPARATIVA  
650 |a DESARROLLO INDUSTRIAL  
650 |a TRABAJADORES  
773 |g volumen 51, número 8; páginas 683-693  
999 |c 36530  |d 36530